MDQL
is popping MORE tags! Check the
thread
!
Quizzes
Events
Quiz Creation
Community
Videos
Private Events
Remove Ads
Sign In
Join for FREE
Feedback
Dark Mode
Quiz Categories
Sports
Geography
Music
Movies
Television
Just For Fun
Miscellaneous
History
Literature
Language
Science
Gaming
Entertainment
Religion
Holiday
For Kids
Quiz Lab
Recent
Popular Today
Quiz Kudos Today
Editor Picks
Curator Picks
Quizzes by...
Day
Popularity
Type
Ratings
Length
Year
Community
Subscriptions
Recent Discussions
Orange Saloon
Badges
Playlists
Quests
Create
Leaderboards
Showdown
Live 5
Trivia Bingo
Activity
Puzzle Library
Sporcle Events
Private Events
Virtual Trivia
Globe League
Become a Host
Pub Owners
SporcleCon
Opinionation
Our Games
Videos
Blog
Mobile Apps
Partnerships
Remove Ads and Go Orange
Feedback
Sports
Athletes
MLB
NBA
NHL
NFL
Soccer
Sports Teams
WWE
NCAA
Football
Premier League
Basketball
Baseball
Hockey
Golf
Tennis
Cricket
Rugby
Auto Racing
Olympics
World Cup
Sports
Athletes
MLB
NBA
NHL
NFL
Soccer
Sports Teams
WWE
NCAA
Football
Premier League
Basketball
Baseball
Hockey
Golf
Tennis
Cricket
Rugby
Auto Racing
Olympics
World Cup
Random Quiz
Search Sporcle
×
Quiz Lab
Quiz Lab
Sports
General Knowledge
Type in answers that appear in a list
Type in answers that appear in a list
Classic
Best Score? Go Orange.
World Snooker Champions Stats
Can you name the World Snooker Champions?
By
SporcleEXP
8m
83 Questions
377 Plays
377 Plays
377 Plays
Comments
Comments
Give Quiz Kudos
Give Quiz Kudos
-
- Ratings
hide this ad
Replay
Link that replays current quiz
Next Quiz
Link to next quiz in quiz playlist
You Got
0%
They Got
Avg Score
88%
Avg Friend Score
Upgrade to see
Score Distribution
Jump to the score distribution portion of the page
Score
0/83
Timer
08:00
0
Plays Today
Year
Winner
% Correct
1981
Steve Davis
97.9%
1983
Steve Davis
97.9%
1984
Steve Davis
97.9%
1987
Steve Davis
97.9%
1988
Steve Davis
97.9%
1989
Steve Davis
97.9%
1927
Joe Davis
97.6%
1928
Joe Davis
97.6%
1929
Joe Davis
97.6%
1930
Joe Davis
97.6%
1931
Joe Davis
97.6%
1932
Joe Davis
97.6%
1933
Joe Davis
97.6%
1934
Joe Davis
97.6%
1935
Joe Davis
97.6%
1936
Joe Davis
97.6%
1937
Joe Davis
97.6%
1938
Joe Davis
97.6%
1939
Joe Davis
97.6%
1940
Joe Davis
97.6%
1946
Joe Davis
97.6%
1948
Fred Davis
96.8%
1949
Fred Davis
96.8%
1951
Fred Davis
96.8%
1952
Fred Davis
96.8%
1953
Fred Davis
96.8%
1954
Fred Davis
96.8%
1955
Fred Davis
96.8%
Year
Winner
% Correct
1956
Fred Davis
96.8%
2001
Ronnie O'Sullivan
96.8%
2004
Ronnie O'Sullivan
96.8%
2008
Ronnie O'Sullivan
96.8%
2012
Ronnie O'Sullivan
96.8%
2013
Ronnie O'Sullivan
96.8%
1972
Alex Higgins
95.8%
1982
Alex Higgins
95.8%
1998
John Higgins
95.8%
2007
John Higgins
95.8%
2009
John Higgins
95.8%
2011
John Higgins
95.8%
1990
Stephen Hendry
95.2%
1992
Stephen Hendry
95.2%
1993
Stephen Hendry
95.2%
1994
Stephen Hendry
95.2%
1995
Stephen Hendry
95.2%
1996
Stephen Hendry
95.2%
1999
Stephen Hendry
95.2%
2017
Mark Selby
93.8%
1985
Dennis Taylor
93.6%
2016
Mark Selby
93.4%
1970
Ray Reardon
92%
1973
Ray Reardon
92%
1974
Ray Reardon
92%
1975
Ray Reardon
92%
1976
Ray Reardon
92%
1978
Ray Reardon
92%
Year
Winner
% Correct
2014
Mark Selby
91%
2000
Mark Williams
89.7%
2003
Mark Williams
89.7%
1991
John Parrott
89.4%
2006
Graeme Dott
89.4%
1980
Cliff Thorburn
87.8%
2010
Neil Robertson
87.5%
1986
Joe Johnson
86.5%
2002
Peter Ebdon
86.5%
2005
Shaun Murphy
86.5%
1997
Ken Doherty
85.7%
1979
Terry Griffiths
84.1%
2015
Stuart Bingham
84.1%
1969
John Spencer
83%
1971
John Spencer
83%
1977
John Spencer
83%
1957
John Pulman
61.3%
1964
John Pulman
61.3%
1964
John Pulman
61.3%
1965
John Pulman
61.3%
1965
John Pulman
61.3%
1965
John Pulman
61.3%
1966
John Pulman
61.3%
1968
John Pulman
61.3%
1947
Walter Donaldson
48.3%
1950
Walter Donaldson
48.3%
1952
Horace Lindrum
43%
Quiz Playlist
Details
Report
Send in Message
Add To Playlist
Classic:
Type in answers that appear in a list
Quiz Source
Last Updated: Aug 10, 2017
Quiz Scoreboard
CHALLENGE
Sign Up to Join the Scoreboard
Show All
Scores
Hide
Comments
May contain spoilers
Recently Published
Two Season TV Shows II
by 123Four
Television
10m
Image Sorting: Flags VI
by Barbecue
Geography
2m
Find the 'City' Movie
by crazypaving
Movies
60s
More to Explore
Quiz From the Vault
Featured Blog Post
14 Easter Pick-up Lines to Find Eggs With
hide this ad
You Might Also Like...
Tags
General Knowledge Quiz
champion
Championship
Snooker
Snooker Champions
Snooker Championship
Tournament
Winner
Today's Top Quizzes in Sports
Browse Sports
hide this ad
Today's Top Quizzes in General Knowledge
Browse General Knowledge
Top Contributed Quizzes in Sports
1
Les meilleurs buteurs des matchs entre le PSG et l’OM
2
Les entraîneurs de l'OM et du PSG au 21e siècle
3
2022 World Cup Stars
4
Les joueurs passés par le PSG et l'OM
5
Players with Multiple 50 Home Run Seasons
6
FIFA Club World Cup Champions
7
Criteria MLB: Left Handed Sluggers
8
Les joueurs passés par le LOSC et le RC Lens
9
Top 10 NHL Goal Scorers of All Time
10
NBA Logic Puzzle 2.0
Explore More
Trending Topics
Disney
Crossword
NBA
Anime
Harry Potter
Kpop
Marvel
Country
Song
NFL
WWE
The Office
Soccer
Puzzle
Pokémon
hide this ad
More By:
SporcleEXP
Quiz
Plays
Rating
Category
Featured
Created
Harry Potter Deaths in Order Minefield
3,068,850
4.18
Literature
Jan 27, 2016
Sins, Dwarfs, and Spice Girls
847,334
4.42
Just For Fun
Apr 11, 2012
Ancient History Bunker
708,308
4.28
History
Jan 20, 2014
Movie Posters VI
679,096
4.37
Movies
Nov 12, 2010
Movie Posters VII
621,916
4.44
Movies
Apr 16, 2011
Go to Creator's Profile
Score Distribution
Quiz Creator Spotlight
SporcleEXP
Follow
Send a Message
Quizzes Created
-
Created Quiz Play Count
-
More By This Creator
Popular Quizzes Today
1
Find the US States - No Outlines Minefield
2
Colored Red Africa Blitz
3
Find the 'City' Movie
4
5x2 Blitz: Bands
5
The Countries of the World
6
Find the Countries of Europe - No Outlines Minefield
7
Find the US States
8
US States
More Sports Quizzes
The 2022 World Series: A Wrap Up
Curator's Pick
Trending Quizzes
Colored Red Europe Blitz I
Colored Red Africa Blitz II
Colored Red Europe Blitz II
Colored Red Africa Blitz III
Even More Two Season TV Shows
Recently Updated
March Madness Men's Triple Doubles
pecheneg
How Do You Spell That?
pecheneg
Godzilla Movies
pecheneg
Grab Bag: 4-10 Letters
pecheneg
2024 March Madness Bracket
pecheneg
Famous TV Couples
Peacemaker
Champions League XIs: Real Madrid
pecheneg
Largest US Cities 1790-2010
pecheneg
Rides in Walt Disney World
pecheneg
Most Oscar Losses (Acting)
pecheneg
Trending Topics
NBA
Disney
Crossword
Kpop
Marvel
Harry Potter
Anime
Song
Puzzle
Pokémon
NFL
Soccer
WWE
The Office
Country
Your Account Isn't Verified!
In order to create a playlist on Sporcle, you need to verify the email address you used during registration. Go to your
Sporcle Settings
to finish the process.
Report this User
Report this user for behavior that violates our
Community Guidelines
.
Details:
Send Report
Go to the Sporcle.com Mobile Site →
Comments